<?xml version="1.0" encoding="UTF-8"?>
<collection xmlns="http://www.loc.gov/MARC21/slim">
 <record>
  <leader>05358nam a2200325 a 4500</leader>
  <controlfield tag="001">kal722</controlfield>
  <controlfield tag="003">Gr-AtHEAL</controlfield>
  <controlfield tag="005">20160426115641.0</controlfield>
  <controlfield tag="006">m        d        </controlfield>
  <controlfield tag="008">160413s2015    gr      s           gre|c</controlfield>
  <datafield tag="020" ind1=" " ind2=" ">
   <subfield code="a">9789606030888</subfield>
  </datafield>
  <datafield tag="040" ind1=" " ind2=" ">
   <subfield code="a">GR-AtHEAL</subfield>
   <subfield code="b">gre</subfield>
   <subfield code="c">GR-AtHEAL</subfield>
  </datafield>
  <datafield tag="082" ind1="0" ind2="4">
   <subfield code="a">371.3</subfield>
   <subfield code="2">23</subfield>
  </datafield>
  <datafield tag="100" ind1="1" ind2=" ">
   <subfield code="a">Στυλιαράς, Γεώργιος.</subfield>
   <subfield code="8">1964</subfield>
  </datafield>
  <datafield tag="245" ind1="1" ind2="0">
   <subfield code="a">Διδακτική της πληροφορικής</subfield>
   <subfield code="h">[Ηλεκτρονικός πόρος] </subfield>
   <subfield code="b">Πληροφορική στη γενική και ειδική Αγωγή – η συμβολή του διαδικτύου και του web 2.0</subfield>
   <subfield code="c">Στυλιαράς, Γεώργιος ; Δήμου, Βικτωρία ; Κριτικός αναγνώστης,Ξένος, Μιχαήλ ; Τεχνική επιμέλεια,Λουκέρη, Σοφία ; Τεχνική επιμέλεια,Σπανακά, Αδαμαντία.</subfield>
  </datafield>
  <datafield tag="260" ind1=" " ind2=" ">
   <subfield code="a">Αθήνα :</subfield>
   <subfield code="b">Σύνδεσμος Ελληνικών Ακαδημαϊκών Βιβλιοθηκών,</subfield>
   <subfield code="c">c2015.</subfield>
  </datafield>
  <datafield tag="490" ind1=" " ind2=" ">
   <subfield code="a">Ακαδημαϊκά Ηλεκτρονικά Συγγράμματα και Βοηθήματα Κάλλιπος</subfield>
   <subfield code="8">40</subfield>
  </datafield>
  <datafield tag="520" ind1=" " ind2=" ">
   <subfield code="a">Το παρόν βιβλίο απευθύνεται σε εκπαιδευτικούς πληροφορικής όλων των βαθμίδων τυπικής εκπαίδευσης σε εκπαιδευτικούς πληροφορικής της τεχνικής εκπαίδευσης καθώς και σε εκπαιδευτικούς πληροφορικής που απευθύνονται σε άτομα με ειδικές δεξιότητες. Το βιβλίο ασχολείται με τη διδακτική της πληροφορικής τόσο στα πλαίσια της γενικής όσο και στα πλαίσια της ειδικής αγωγής. Χρησιμοποιώντας τις γνωστές θεωρίες μάθησης και τις σύγχρονες διδακτικές τεχνικές και λαμβάνοντας υπόψη την εκτεταμένη χρήση του διαδικτύου τόσο από μαθητές όσο και από εκπαιδευτικούς επιχειρούμε να τεκμηριώσουμε μια ολοκληρωμένη πρόταση για την διδασκαλία της πληροφορικής με την χρήση web 2.0 εργαλείων και εργαλείων κοινωνικής δικτύωσης. Παράλληλα γίνεται σημαντική αναφορά στα νοητικά μοντέλα και στις αναπαραστάσεις στη διδασκαλία της πληροφορικής όπως επίσης και στη διδακτική σημασία αυτών στην ειδική αγωγή. Θεωρώντας σημαντικό τον τεχνολογικό εναλφαβητισμό (ακόμη και στις μέρες μας) και την δεοντολογική χρήση της πληροφορικής μια ενότητα του βιβλίου αναφέρεται και στην ανάπτυξη δεξιοτήτων πληροφορικής με τη χρήση web 2.0 εργαλείων. Αναγνωρίζοντας τα εκπαιδευτικά σενάρια ως εγγενές συστατικό του εκπαιδευτικού πακέτου που συνοδεύει ένα υπολογιστικό περιβάλλον, δεν παραλείπουμε να ασχοληθούμε με αυτά και να τονίσουμε τη συμβολή τους στην διδακτική της πληροφορικής. Επίσης γίνεται εκτεταμένη αναφορά στην αξιοποίηση των διδακτικών σεναρίων τόσο στη γενική όσο και στην ειδική αγωγή με τη χρήση web 2.0 εργαλείων και δίνονται σχετικά παραδείγματα υλοποίησης εκπαιδευτικών σεναρίων. Τέλος γίνεται αναφορά στις οπτικές αξιολόγησης των web2.0 εργαλείων και κοινωνικών δικτύων τόσο από πλευράς εκπαιδευτικού λογισμικού όσο και από πλευράς ικανοποιητικής αξιοποίησης τους στην διδασκαλία της πληροφορικής στην γενική και ειδική αγωγή.</subfield>
  </datafield>
  <datafield tag="650" ind1=" " ind2="0">
   <subfield code="a">Computer science</subfield>
   <subfield code="x">Study and teaching</subfield>
   <subfield code="8">2545</subfield>
  </datafield>
  <datafield tag="653" ind1=" " ind2=" ">
   <subfield code="a">Τεχνολογίες διαδικτύου</subfield>
  </datafield>
  <datafield tag="653" ind1=" " ind2=" ">
   <subfield code="a">Ειδική αγωγή</subfield>
  </datafield>
  <datafield tag="653" ind1=" " ind2=" ">
   <subfield code="a">Διδακτική</subfield>
  </datafield>
  <datafield tag="653" ind1=" " ind2=" ">
   <subfield code="a">Επιστήμη υπολογιστών/πληροφορική</subfield>
  </datafield>
  <datafield tag="700" ind1="1" ind2=" ">
   <subfield code="a">Δήμου, Βικτωρία</subfield>
   <subfield code="e">Συγγραφέας</subfield>
   <subfield code="8">1965</subfield>
  </datafield>
  <datafield tag="700" ind1="1" ind2=" ">
   <subfield code="a">Ξένος, Μιχαήλ</subfield>
   <subfield code="e">Κριτικός αναγνώστης</subfield>
   <subfield code="8">1966</subfield>
  </datafield>
  <datafield tag="856" ind1="4" ind2="0">
   <subfield code="u">http://hdl.handle.net/11419/722</subfield>
   <subfield code="z">Πλήρες Κείμενο - Full text</subfield>
  </datafield>
  <datafield tag="907" ind1=" " ind2=" ">
   <subfield code="a">.b25677871</subfield>
   <subfield code="b">12-06-18</subfield>
   <subfield code="c">29-07-16</subfield>
  </datafield>
  <datafield tag="949" ind1=" " ind2=" ">
   <subfield code="0">0</subfield>
   <subfield code="1">0</subfield>
   <subfield code="2">ddc</subfield>
   <subfield code="4">0</subfield>
   <subfield code="6">371_300000000000000_ΣΤΥ</subfield>
   <subfield code="7">0</subfield>
   <subfield code="8">KALL</subfield>
   <subfield code="8">545</subfield>
   <subfield code="d">2016-04-13</subfield>
   <subfield code="r">2016-04-13</subfield>
   <subfield code="w">2016-04-13</subfield>
   <subfield code="z">371.3 ΣΤΥ</subfield>
   <subfield code="o">SEAB KALLIPOS</subfield>
  </datafield>
  <datafield tag="998" ind1=" " ind2=" ">
   <subfield code="a">80</subfield>
   <subfield code="a">01</subfield>
   <subfield code="a">02</subfield>
   <subfield code="a">03</subfield>
   <subfield code="a">04</subfield>
   <subfield code="a">05</subfield>
   <subfield code="a">06</subfield>
   <subfield code="a">07</subfield>
   <subfield code="a">08</subfield>
   <subfield code="a">09</subfield>
   <subfield code="a">10</subfield>
   <subfield code="a">11</subfield>
   <subfield code="a">12</subfield>
   <subfield code="a">13</subfield>
   <subfield code="a">14</subfield>
   <subfield code="a">15</subfield>
   <subfield code="a">16</subfield>
   <subfield code="a">17</subfield>
   <subfield code="a">18</subfield>
   <subfield code="a">19</subfield>
   <subfield code="a">20</subfield>
   <subfield code="a">21</subfield>
   <subfield code="a">22</subfield>
   <subfield code="a">23</subfield>
   <subfield code="a">24</subfield>
   <subfield code="a">25</subfield>
   <subfield code="a">26</subfield>
   <subfield code="b">11-05-17</subfield>
   <subfield code="c">m</subfield>
   <subfield code="d">z  </subfield>
   <subfield code="e">-</subfield>
   <subfield code="f">gre</subfield>
   <subfield code="g">gr </subfield>
   <subfield code="h">0</subfield>
  </datafield>
  <datafield tag="942" ind1=" " ind2=" ">
   <subfield code="2">ddc</subfield>
   <subfield code="c">KALLIPOS</subfield>
  </datafield>
 </record>
</collection>
